Score 0/7 Timer 03:00
0 Plays Today
Question Answer Wrong Answers
Spanish representatives officially transfer the ______ Territory to a French representative. 20 days later, France transfers the same land to the United States.
1803
Louisiana
94.2%
Oregon
1.5%
Alaska
2.2%
Oklahoma
1.6%
This historical drama film, directed by Steven Spielberg and starring Liam Neeson, Ben Kingsley, and Ralph Fiennes, premieres in Washington, D.C.
1993
Schindler's List
93%
Saving Private Ryan
2.7%
The Pianist
1.7%
Life is Beautiful
0.8%
This British politician, army officer, and writer, who served as Prime Minister of the United Kingdom from 1940 to 1945 and again from 1951 to 1955, is born.
1874
Winston Churchill
90.8%
Clement Attlee
1.5%
Neville Chamberlain
5.5%
Anthony Eden
1.2%
Described as a rock opera, ‘The Wall’, the eleventh studio album by this English rock band, is released.
1979
Pink Floyd
83.1%
The Rolling Stones
3.7%
The Who
8.2%
Queen
3.6%
Representatives from the United States and Great Britain sign preliminary peace articles to end the American Revolutionary War, an act later formalized as the 1783 Treaty of ______.
1782
Paris
73.8%
London
8.9%
Vienna
10.8%
Geneva
6.4%
Archaeologist Heinrich Schliemann finds the famed gold Mask of Agamemnon at Mycenae in this modern country. It is later described as the ‘Mona Lisa of prehistory’.
1876
Greece
54.2%
Turkey
20.8%
Italy
4.1%
Egypt
19.7%
Dubbed the ‘______ River Killer’, Gary Ridgway, considered the most prolific serial killer in US history, is apprehended in Renton, Washington.
2001
Green
52.7%
Red
30.6%
Blue
5.4%
Yellow
9.4%
Remove Ads.
Support Sporcle.
Get the best of Sporcle when you Go Orange. This ad-free experience offers more features, more stats, and more fun while also helping to support Sporcle. Thank you for becoming a member.

You're not logged in!

Compare scores with friends on all Sporcle quizzes.
OR
Log In

Show Comments

Extras

Top Quizzes Today


Score Distribution

Your Account Isn't Verified!

In order to create a playlist on Sporcle, you need to verify the email address you used during registration. Go to your Sporcle Settings to finish the process.

Report this User

Report this user for behavior that violates our Community Guidelines.

Details: